The holy Quran : Text, translation and commentary

Bibliographic Details
Main Author: A. Yusof Ali
Format: Book
Published: Brentwood Maryland : Amada Corp. , 1983
Subjects:

MARC

LEADER 00000cam a2200000 7i4500
001 0000003782
005 20050621.0
040 |a INS 
090 0 0 |a BP109.4.   |b H64 1983 
100 1 |a A. Yusof Ali 
245 1 4 |a The holy Quran :   |b Text, translation and commentary   |c A. Yusuf Ali 
260 |a Brentwood Maryland :   |b Amada Corp. ,   |c 1983 
300 |a xvip :   |b 1862p ;   |c 24 cm. 
650 0 0 |a Quran   |x Translation 
999 |a 0000001901   |b BOOK   |c Open Shelf   |e Default branch 
999 |a 0000001902   |b BOOK   |c Open Shelf   |e Default branch